00723nam a22001817a 4500003000900000008004100009020001800050040007100068082001800139100002700157245003500184260003600219300006400255505014700319650002700466650002200493650002600515AR-CdUCM190322b ||||| |||| 00| 0 spa d a968-18-2840-2 aMUNICIPALIDAD PROVINCIAL DEL CUSCOcBIBLIOTECA MUNICIPAL DEL CUSCO a660.28 /bV79 aVan Vlack, Lawrence H. aMateriales para ingeniería / aMéxico :bContinental,c1967. a540 páginas ;bIlustraciones, cuadros, diagramas,c24 cm. aContenido : Requisitos de los materiales para ingeniería -- Ligas atómicas -- La estructura del átomo -- Atracciones interatómicas.... aMovimientos atómicos aElectromagnetismo aEstabilidad térmica